English History (easy) - Statistics

General Stats
  • This quiz has been taken 237 times
  • The average score is 9 of 15
Answer Stats
Question Answer % Correct
Which King of Normandy was crowned "King of England in 1066" William the Conqueror
87%
What King founded the "Church of England" Henry VIII
76%
What year was "brexit" voted for 2016
75%
Which King was known to have a "Round Table" King Arthur
74%
Who was the first Female English Monarch crowned through "Birth Right" Elizabeth I
69%
Which King was defeated at the Battle of Hastings in 1066 King Harold
69%
At what battle was Napoleon defeated by the Duke of Wellington Waterloo
66%
Which King lead the Third Crusade Richard the Lionheart
65%
Which Roman Emperor built a wall along the England-Scotland border Hadrian
63%
How many Saxon Kingdoms where there 7
55%
What year did England win the FIFA World Cup 1966
53%
Which Prime Minister declared war on Nazi Germany Neville Chamberlain
49%
Who Invaded Britannia between the years 43-84 AD Roman Empire
43%
Which Saxon king held of a viking invasion Alfred I "the Great"
39%
Which Female Celtic barbarian held of a Roman Invasion Boudicca
28%
No matching quizzes found
Score Distribution
Percent of People with Each Score
Percentile by Number Answered
Your Score History
You have not taken this quiz